Japanese names : (Record no. 12692)

000 -LEADER
fixed length control field 00520cam a2200181 4500
020 ## - INTERNATIONAL STANDARD BOOK NUMBER
ISBN 0834802252
040 ## - CATALOGING SOURCE
Transcribing agency WaU-L
082 ## - DEWEY DECIMAL CLASSIFICATION NUMBER
Classification number 495 J.W 1989 A022 Or.
100 1# - MAIN ENTRY--AUTHOR NAME
Personal name O'Neill, P. G.
245 10 - TITLE STATEMENT
Title Japanese names :
Remainder of title a comprehensive index by characters and readings /
250 ## - EDITION STATEMENT
Edition statement 1st pbk. ed.
260 ## - PUBLICATION, DISTRIBUTION, ETC. (IMPRINT)
Place of publication New York :
Name of publisher J. Weatherhill,
Year of publication 1989.
300 ## - PHYSICAL DESCRIPTION
Number of Pages xix, 359 p. ;
Dimensions 19 cm.
500 ## - GENERAL NOTE
General note English and Japanese.
500 ## - GENERAL NOTE
General note Half-title: Nihon jinmei chimei jiten.
650 #0 - SUBJECT ADDED ENTRY--TOPICAL TERM
Topical Term Names, Personal
942 ## - ADDED ENTRY ELEMENTS (KOHA)
Koha item type សៀវភៅភាសាអង់គ្លេស
952 ## - LOCATION AND ITEM INFORMATION (KOHA)
Withdrawn status [LOCAL, KOHA] 0
Holdings
Permanent Location Date acquired Koha item type Lost status Shelving location Barcode Current Location Full call number
Library Block A2017-08-16សៀវភៅភាសាអង់គ្លេស A022A16435Library Block A495 J.W 1989 A022 Or.
មជ្ឈមណ្ឌលឯការនៃសាកលវិទ្យាល័យភូមិន្ទកសិកម្មចំការដូង

Powered by Koha